Faculty of Law Library — Cairo University

Official Online Catalog

دراسه مقارنه فى أصول المحاكمات الجزائية. (Record no. 51138)

MARC details
000 -LEADER
fixed length control field 01330nam a2200313 i 4500
003 - CONTROL NUMBER IDENTIFIER
control field EG-GICUC
005 - DATE AND TIME OF LATEST TRANSACTION
control field 20260121101516.0
008 - FIXED-LENGTH DATA ELEMENTS--GENERAL INFORMATION
fixed length control field 251217s1962 iq ||||fr|||| 00| 0 ara d
040 ## - CATALOGING SOURCE
Original cataloging agency EG-GICUC
Language of cataloging ara
Transcribing agency EG-GICUC
Modifying agency EG-GICUC
Description conventions rda
041 0# - LANGUAGE CODE
Language code of text/sound track or separate title ara
082 04 - DEWEY DECIMAL CLASSIFICATION NUMBER
Edition number 21
Classification number 343.30567
Item number ح م . د
092 04 - LOCALLY ASSIGNED DEWEY CALL NUMBER (OCLC)
Edition number 21
099 ## - LOCAL FREE-TEXT CALL NUMBER (OCLC)
Classification number Law1 10 343.30567 ح م . د 1962
100 0# - MAIN ENTRY--PERSONAL NAME
Personal name حمودى الجاسم
Relator term مؤلف.
245 10 - TITLE STATEMENT
Title دراسه مقارنه فى أصول المحاكمات الجزائية.
Number of part/section of a work الجزء الأول /
Statement of responsibility, etc. الدكتور حمودى الجاسم.
264 #3 - PRODUCTION, PUBLICATION, DISTRIBUTION, MANUFACTURE, AND COPYRIGHT NOTICE
Place of production, publication, distribution, manufacture بغداد :
Name of producer, publisher, distributor, manufacturer مطبعة العانى،
Date of production, publication, distribution, manufacture, or copyright notice 1962.
300 ## - PHYSICAL DESCRIPTION
Extent 293 ؛صفحة
Dimensions 24 سم.
336 ## - CONTENT TYPE
Source rda content
Content type term text
337 ## - MEDIA TYPE
Source rda media
Media type term Computer
338 ## - CARRIER TYPE
Source rda carrier
Carrier type term Online Resource
500 ## - GENERAL NOTE
General note طبع على نفقة الناشر الحاج أبو القاسم السكني تلفون83672 كل نسخة لايوجد عليها ختم المؤلف والناشر تعد مزوده
504 ## - BIBLIOGRAPHY, ETC. NOTE
Bibliography, etc. note . 282-286 ببليوجرافيا: صفحات
546 ## - LANGUAGE NOTE
Language note النص باللغة العربية
650 14 - SUBJECT ADDED ENTRY--TOPICAL TERM
Topical term or geographic name entry element التصرف فى التهمة بعد الاستدلال
650 14 - SUBJECT ADDED ENTRY--TOPICAL TERM
Topical term or geographic name entry element القانون الجنائي
856 40 - ELECTRONIC LOCATION AND ACCESS
Uniform Resource Identifier <a href="https://fll.law.cu.edu.eg/fulltext/bks/B10-05625.pdf">https://fll.law.cu.edu.eg/fulltext/bks/B10-05625.pdf</a>
905 ## - Cataloger and Reviser Names
Cataloger Name: Roqaia Ahmed
942 ## - ADDED ENTRY ELEMENTS (KOHA)
Source of classification or shelving scheme Dewey Decimal Classification
Koha item type Books
Edition 21
Suppress in OPAC No
Holdings
Withdrawn status Lost status Source of classification or shelving scheme Damaged status Not for loan Collection Home library Current library Date acquired Total checkouts Full call number Barcode Date last seen Copy number Price effective from Koha item type
    Dewey Decimal Classification   Not for loan القانون الجنائي جــــامعة القــاهرة مكتبة كلية الحقوق - المبنى الرئيسي 17.12.2025   Law1 10 343.30567 ح م . د 1962 1005625 V1 , C1 B10-05625 17.12.2025 1 17.12.2025 Books
    Dewey Decimal Classification     القانون الجنائي جــــامعة القــاهرة مكتبة كلية الحقوق - المبنى الرئيسي 17.12.2025   Law1 10 343.30567 ح م . د 1962 1005626 V1 , C2 B10-05626 17.12.2025 2 17.12.2025 Books
    Dewey Decimal Classification     القانون الجنائي جــــامعة القــاهرة مكتبة كلية الحقوق - فـرع الشيخ زايد 23.12.2025   Law2 10 343.30567 ح م . د 1962 1005715 V1 , C3 B10-05715 23.12.2025 3 23.12.2025 Books

© All rights reserved — Faculty of Law, Cairo University